Thiết kế bài giảng sinh học 10 : Theo hướng đổi mới phương pháp dạy học
Nội dung sách giới thiệu các bài dạy cụ thể, giới thiệu về thế giơi sống, sinh học tế bào, sinh học vi sinh vật
Bewaard in:
| Hoofdauteur: | |
|---|---|
| Formaat: | Boek |
| Taal: | Undetermined |
| Gepubliceerd in: |
Hà Nội
Giáo dục
2009
|
| Onderwerpen: | |
| Tags: |
Voeg label toe
Geen labels, Wees de eerste die dit record labelt!
|
| Thư viện lưu trữ: | Trung tâm Học liệu Trường Đại học Cần Thơ |
|---|
| LEADER | 00955nam a2200229Ia 4500 | ||
|---|---|---|---|
| 001 | CTU_190931 | ||
| 008 | 210402s9999 xx 000 0 und d | ||
| 020 | |c 21500 | ||
| 082 | |a 570.712 | ||
| 082 | |b V312 | ||
| 100 | |a Nguyễn, Quang Vinh | ||
| 245 | 0 | |a Thiết kế bài giảng sinh học 10 : | |
| 245 | 0 | |b Theo hướng đổi mới phương pháp dạy học | |
| 245 | 0 | |c Nguyễn Quang Vinh (Chủ biên), Nguyễn Thị Dung, Nguyễn Đức Thành | |
| 260 | |a Hà Nội | ||
| 260 | |b Giáo dục | ||
| 260 | |c 2009 | ||
| 520 | |a Nội dung sách giới thiệu các bài dạy cụ thể, giới thiệu về thế giơi sống, sinh học tế bào, sinh học vi sinh vật | ||
| 650 | |a Sinh học,Biology | ||
| 650 | |x Học và giảng dạy (trung học),Study and teaching (secondary) | ||
| 904 | |i Tuyến | ||
| 980 | |a Trung tâm Học liệu Trường Đại học Cần Thơ | ||